000 00782nam a2200241 i 4500
001 127676
003 ES-MaACL
005 20250831063038.0
007 t|
008 070214s1956 sp r ||||1| spa d
080 _a371.03:2
100 1 _aRimaud, Jean.
_997234
245 1 0 _aSobre la educación religiosa /
_cJean Rimaud ; traducción del francés por Constantino Ruiz-Garrido.
260 _aMadrid :
_bFax,
_c1956.
300 _a262 p. ;
_c20 cm.
490 1 _aBiblioteca de filosofía y pedagogía (Fax)
_9183687
650 7 _aEducación religiosa
_2embne
_912119
700 1 _aRuiz-Garrido, Constantino.
_9100816
830 0 _aBiblioteca de filosofía y pedagogía (Fax)
_9183687
852 4 _aES-MaACL
_jC-11799
942 _2udc
999 _c127676
_d127676